| 000 | 00819cam a22002771 4500 | ||
|---|---|---|---|
| 999 |
_c7436 _d7436 |
||
| 001 | 7436 | ||
| 003 | BD-JhCC | ||
| 005 | 20180402084357.0 | ||
| 008 | 750421s1948 xx 000 0 eng | ||
| 035 | _a(BD-JhCC)7436 | ||
| 035 | _a(OCoLC)1290508 | ||
| 040 |
_aDLC _cFO _dOCoLC _dDLC _dBD-JhCC |
||
| 041 | _aeng | ||
| 050 | 0 | 0 |
_aPE1111 _b.J47 |
| 082 |
_a808 _bJOH 1948 |
||
| 100 | 1 | _aJohn, Mellie. | |
| 245 | 1 | 0 |
_aThe new building better English 11 / _cMellie John and Paulene M. Yates |
| 260 |
_aEvanston, Ill., _bRow, Peterson _c[1948] |
||
| 300 |
_av. _billus. _c24 cm. |
||
| 500 | _aGrade 12 by John J. De Boer. Includes bibliographies. | ||
| 650 | 0 |
_aEnglish language _xComposition and exercises. |
|
| 650 | 0 |
_aEnglish language _xGrammar |
|
| 700 | 1 | _aYates, Paulene M. | |
| 942 |
_2ddc _cBK |
||